| 000 | 00748cab a2200241 4500 | ||
|---|---|---|---|
| 001 | WB3218-36 | ||
| 008 | 090401t1996 xxu||||| |||| 00| 0 eng d | ||
| 035 | _a(Sirsi) u58542 | ||
| 041 | _aeng | ||
| 245 | _aCowboy letting agents | ||
| 260 | _c1996 | ||
| 350 | _a0 | ||
| 490 |
_aDaily Telegraph _v8 May 1996, 30(1) |
||
| 520 | _aLetting agents who are embezzling clients deposits are proving untouchable by the law. | ||
| 650 | _aLETTING AGENTS | ||
| 650 | _aPRIVATE RENTED SECTOR | ||
| 650 | _aPROPERTY-RESIDENTIAL PROPERTY-RESIDENTIAL LANDLORD AND TENANT-RESIDENTIAL TENANCIES | ||
| 650 | _aRICS | ||
| 690 | _aHOUSING-FINANCE | ||
| 690 | _aMANAGEMENT-BUSINESS MANAGEMENT-PROFESSIONAL PRACTICE | ||
| 942 | _n0 | ||
| 948 | _c04/03/1997 | ||
| 999 |
_c35765 _d35765 |
||